Catálogo
 En Linea

Caracas : (Registro nro. 7065)

Detalles MARC
000 -CABECERA
campo de control de longitud fija 00653cam a2200193 a 4500
001 - NÚMERO DE CONTROL
campo de control 000007284
003 - IDENTIFICADOR DEL NÚMERO DE CONTROL
campo de control DO-SdBNP
005 - FECHA Y HORA DE LA ÚLTIMA TRANSACCIÓN
campo de control 20251027141914.0
008 - DATOS DE LONGITUD FIJA--INFORMACIÓN GENERAL
campo de control de longitud fija 850607s1967 ve ac 000 0 spar
040 ## - FUENTE DE LA CATALOGACIÓN
Centro catalogador/agencia de origen DO-SdBNP
Lengua de catalogación spa
Centro/agencia transcriptor BNPHU
082 ## - NÚMERO DE LA CLASIFICACIÓN DECIMAL DEWEY
Número de clasificación 918.77
Número de documento/Ítem A727c
100 1# - ENTRADA PRINCIPAL--NOMBRE DE PERSONA
Nombre de persona Armas Chitty, J. A. de.
Forma completa/desarrollada del nombre (José Antonio de Armas Chitty),
Fechas asociadas al nombre 1908-1995.
9 (RLIN) 20221
245 10 - MENCIÓN DE TÍTULO
Título Caracas :
Resto del título origen y trayectoria de una ciudad /
Mención de responsabilidad, etc. J. A. de Armas Chitty.
260 ## - PUBLICACIÓN, DISTRIBUCIÓN, ETC.
Lugar de publicación, distribución, etc. Caracas, Venezuela :
Nombre del editor, distribuidor, etc. Fundación Creole,
Fecha de publicación, distribución, etc. 1967.
300 ## - DESCRIPCIÓN FÍSICA
Extensión 2 v. :
Otras características físicas il., facsims. ;
Dimensiones 24 cm.
504 ## - NOTA DE BIBLIOGRAFÍA, ETC.
Nota de bibliografía, etc. Bibliografías : p. 241-255.
651 #0 - PUNTO DE ACCESO ADICIONAL DE MATERIA--NOMBRE GEOGRÁFICO
Nombre geográfico Venezuela
Subdivisión general Historia
9 (RLIN) 26230
942 ## - ELEMENTOS DE PUNTO DE ACCESO ADICIONAL (KOHA)
Fuente del sistema de clasificación o colocación Dewey Decimal Classification
Tipo de ítem Koha Libro
Existencias
Estado de retiro Estado de pérdida Restricciones de uso No para préstamo Código de colección Localización permanente Ubicación/localización actual Ubicación en estantería Fecha de adquisición Número de inventario Total de préstamos Signatura topográfica completa Código de barras Fecha visto por última vez Precio válido a partir de Tipo de ítem Koha
      Excluido de préstamo Monografías: Libros y Folletos General General Depósito 07.09.2009 LF1   v. 1 7284-10 25.06.2020 25.06.2020 No se presta
      Excluido de préstamo Monografías: Libros y Folletos General General Depósito 07.09.2009 LF1   v. 2 7284-20 25.06.2020 25.06.2020 No se presta
      Excluido de préstamo Monografías: Libros y Folletos General General Depósito 26.05.2017 LF1   918.77 A727c 7284-30 25.06.2020 25.06.2020 No se presta
      Excluido de préstamo Monografías: Libros y Folletos General General Depósito 26.05.2017 LF1   918.77 A727c 7284-40 25.06.2020 25.06.2020 No se presta

Con tecnología Koha